| 000 | 00747nam a2200217Ia 4500 | ||
|---|---|---|---|
| 003 | GCL | ||
| 008 | 140319s9999 xx 000 0 ara d | ||
| 040 |
_aGCL / _cGCL |
||
| 082 | 0 | 4 |
_a296.4 _bم ا |
| 100 | 1 | _aمحمد اديب الصالح | |
| 245 | 1 | 0 |
_aادعياء الهيكل / _cمحمد اديب الصالح |
| 260 |
_aالرياض : _bمكتبة العبيكان ، _c2004 |
||
| 300 |
_a752 ص ؛ _c24 سم |
||
| 650 | 0 | 4 | _aاليهودية - تاريخ |
| 650 | 0 | 4 | _aالاعياد الدينية اليهودية |
| 650 | 0 | 4 | _aاليهودية - الاصل |
| 650 | 0 | 4 | _aاليهودية - عيد الهيكل |
| 650 | 0 | 4 | _aعيد الهيكل - يهودية |
| 650 | 0 | 4 | _aاليهودية - احتفالات |
| 942 |
_2ddc _cBK |
||
| 999 |
_c7154 _d7154 |
||